000
00260nam a2200109Ia 4500
008
220204s9999 xx 000 0 und d
082
_a
82-3
_b
BAL
100
_a
Ballantyne, R M
245
4
_a
The Gorilla adventure
260
_a
Delhi
_b
S Chand
_c
1979
942
_c
BK
999
_c
35534
_d
35534